NETTER'S ATLAS OF HUMAN EMBRYOLOGY (Record no. 788)

MARC details
000 -LEADER
fixed length control field 00334nam a2200133Ia 4500
008 - FIXED-LENGTH DATA ELEMENTS--GENERAL INFORMATION
fixed length control field 150201s2002 xx 000 0 und d
082 ## - DEWEY DECIMAL CLASSIFICATION NUMBER
Classification number 611
Item number A02C
100 ## - MAIN ENTRY--PERSONAL NAME
Personal name COCHARD,LARRY R
245 ## - TITLE STATEMENT
Title NETTER'S ATLAS OF HUMAN EMBRYOLOGY
250 ## - EDITION STATEMENT
Edition statement 1ST
260 ## - PUBLICATION, DISTRIBUTION, ETC. (IMPRINT)
Name of publisher, distributor, etc. ICON LEARNING
Place of publication, distribution, etc. DELHI
Date of publication, distribution, etc. 2002
650 ## - SUBJECT ADDED ENTRY--TOPICAL TERM
Topical term or geographic name as entry element HUMAN ANATOMY
942 ## - ADDED ENTRY ELEMENTS (KOHA)
Source of classification or shelving scheme Dewey Decimal Classification
Koha item type Books
Koha issues (borrowed), all copies 15
Holdings
Withdrawn status Lost status Source of classification or shelving scheme Damaged status Not for loan Collection code Home library Current library Shelving location Date acquired Source of acquisition Cost, normal purchase price SGTU Bill Number Total Checkouts Full call number Barcode Date last seen Date last checked out Bill Date Koha item type Total Renewals
    Dewey Decimal Classification     MEDICAL SGT Medical Library SGT Medical Library Text Book 26/02/2010 U.B.S. DELHI 2203.00 SGTU 993 2 611 A02C FM3338 29/05/2026 15/05/2026 26/02/2010 Books  
    Dewey Decimal Classification     MEDICAL SGT Medical Library SGT Medical Library Text Book 26/02/2010 U.B.S. DELHI 2203.00 SGTU 993 16 611 A02C FM3339 01/05/2025 16/04/2025 26/02/2010 Books 1